[Event "Tourn. n7807"]
[Site "www.chess-mail.com"]
[Date "2014.12.26"]
[Round "1"]
[White "Parasquirrel"]
[Black "Woodpusher2"]
[WhiteElo "2280"]
[BlackElo "2440"]
[Result "0-1"]
[Round "1"]
1.e4 e6
2.d4 d5
3.Nb1d2 c5
4.exd5 Qd8xd5
5.dxc5 Bf8xc5
6.Qd1g4 Ng8f6
7.Qg4xg7 Qd5e5
8.Nd2e4 Qe5xe4
9.Bc1e3 Rh8g8
10.Qg7xf6 Bc5xe3
11.fxe3 Qe4xe3
12.Ng1e2 e5
13.Qf6f2 Qe3xf2
14.Kxf2 Nb8c6
15.Ne2g3 Ke7
16.Bf1d3 f5
17.Rh1f1 Rg8f8
18.c3 Bc8e6
19.Kg1 e4
20.Bd3c2 Ra8d8
21.Ra1e1 Nc6e5
22.Rf1f4 Rf8f6
23.Ng3e2 Rd8d2
24.Ne2d4 Rd2xc2
25.Nd4xc2 Ne5d3
26.Rf4f1 Nd3xe1
27.Rf1xe1 Kd6
28.b3 Ke5
29.Nc2d4 Be6f7
30.g3 Bf7h5
31.Kg2 Rf6a6
32.a4 f4
33.Re1f1 f3
34.Kf2 Bh5g4
35.Rf1e1 Ra6h6
36.h4 Rh6f6
37.Re1e3 Rf6f8
38.Re3e1 Rf8c8
39.Re1c1 h5
40.Ke3 Bg4h3
 { time }
0-1

[Event "Match"]
[Site "www.echecsemail.com"]
[Date "2014.12.26"]
[Round "1"]
[White "Ztornad"]
[Black "Pablincho"]
[WhiteElo "1630"]
[BlackElo "1890"]
[Result "1-0"]
[Round "1"]
1.e4 e6
2.Nb1c3 d6
3.d4 Bf8e7
4.a3 h6
5.Bf1b5 c6
6.Bb5d3 e5
7.d5 Ng8f6
8.h3 O-O
9.Ng1f3 Nb8d7
10.Nf3h4 Nf6xd5
11.Nc3xd5 cxd5
12.exd5 Be7xh4
13.g3 Bh4f6
14.Bc1e3 Qd8a5
15.c3 Nd7c5
16.Bd3c2 Qa5c7
17.b4 Nc5d7
18.Qd1d3 g6
19.O-O a5
20.b5 b6
21.a4  { time }
1-0

[Event "Match"]
[Site "www.echecsemail.com"]
[Date "2014.12.26"]
[Round "1"]
[White "Jjmcbride"]
[Black "Johnmcbride"]
[WhiteElo "1730"]
[BlackElo "1780"]
[Result "1-0"]
[Round "1"]
1.e4 e5
2.Ng1f3 Nb8c6
3.d4 exd4
4.Nf3xd4 Nc6xd4
5.Qd1xd4 d6
6.c4 c5
7.Qd4c3 Bc8d7
8.Qc3g3 Bd7c6
9.Nb1c3 g6
10.e5 Qd8e7
11.Bc1f4 Qe7e6
12.Bf1e2 Ng8e7
13.Be2g4 Qe6xc4
14.exd6 Ne7d5
15.d7 Bc6xd7
16.Bg4xd7 Kxd7
17.Nc3xd5 Ra8e8
18.Bf4e3 Bf8e7
19.Ra1d1 Be7d6
20.Nd5f6 Kd8
21.Qg3xd6 Kc8
22.Qd6d7 Kb8
23.Nf6xe8 Qc4b4
24.Rd1d2 Qb4e4
25.Qd7d8 
1-0

[Event "Match"]
[Site "www.echecsemail.com"]
[Date "2014.12.26"]
[Round "1"]
[White "Lautreamont"]
[Black "Schwiizer"]
[WhiteElo "2779"]
[BlackElo "2680"]
[Result "1/2-1/2"]
[Round "1"]
1.e4 c5
2.Ng1f3 d6
3.d4 cxd4
4.Nf3xd4 Ng8f6
5.Nb1c3 a6
6.Bc1g5 e6
7.f4 Qd8b6
8.Qd1d2 Qb6xb2
9.Ra1b1 Qb2a3
10.e5 dxe5
11.fxe5 h6
12.Bg5h4 Nf6d7
13.Nc3e4 Qa3xa2
14.Rb1d1 Qa2d5
15.Qd2e3 Qd5xe5
16.Bf1e2 Bf8c5
17.Bh4g3 Qe5d5
18.c4 Bc5xd4
19.Rd1xd4 Qd5a5
20.Rd4d2 O-O
21.Bg3d6 Rf8d8
22.g4 b6
23.g5 Bc8b7
24.gxh6 Bb7xe4
25.Qe3xe4 Nd7c5
26.Qe4g2 Qa5a1
27.Be2d1 Ra8a7
28.Qg2g3 Nb8c6
29.Bd6e5 Qa1xe5
30.Qg3xe5 Nc6xe5
31.Rd2xd8 Kh7
32.hxg7 Kxg7
33.Rh1g1 Ne5g6
34.h4 Kh7
35.h5 Ng6e5
36.Rg1g8 Kh6
37.Rg8h8 Kg5
38.Rd8g8 Kf6
39.h6 Ra7d7
40.Rg8g1 Nc5d3
41.Kd2 Rd7d4
42.h7 Nd3c5
43.Kc1 Rd4h4
44.Bd1c2 Ne5g6
45.Bc2xg6 fxg6
46.Rh8f8 Kg7
{ draw }
1/2-1/2

[Event "Match"]
[Site "www.echecsemail.com"]
[Date "2014.12.26"]
[Round "1"]
[White "Paco"]
[Black "Oxycontin"]
[WhiteElo "1870"]
[BlackElo "2010"]
[Result "1/2-1/2"]
[Round "1"]
1.e4 Ng8f6
2.Nb1c3 d5
3.e5 Nf6d7
4.Nc3xd5 Nd7xe5
5.c4 c6
6.Nd5e3 Ne5d3
7.Bf1xd3 Qd8xd3
8.Qd1e2 Qd3xe2
9.Kxe2 g6
10.Ng1f3 Bf8g7
11.h4 Nb8d7
12.d4 b6
13.h5 O-O
14.hxg6 fxg6
15.Nf3g5 Nd7f6
{ draw }
1/2-1/2

[Event "Match"]
[Site "www.echecsemail.com"]
[Date "2014.12.26"]
[Round "1"]
[White "Libiesse"]
[Black "Joseph1983"]
[WhiteElo "2050"]
[BlackElo "2150"]
[Result "1/2-1/2"]
[Round "1"]
1.d4 Ng8f6
2.c4 e6
3.Ng1f3 b6
4.Bc1g5 h6
5.Bg5h4 g5
6.Bh4g3 Bf8b4
7.Nb1c3 Nf6e4
8.Qd1c1 h5
9.h3 Bb4xc3
10.bxc3 Ne4xg3
11.fxg3 Rh8g8
12.e3 Qd8e7
13.Bf1d3 Qe7d6
14.Kf2 Nb8c6
15.e4 Bc8a6
16.a4 h4
17.e5 hxg3
18.Kxg3 Nc6xe5
19.Nf3xe5 f6
20.Qc1a3 fxe5
21.Qa3xd6 cxd6
22.dxe5 dxe5
23.Ra1e1 d6
24.Rh1f1 Ra8c8
25.Rf1f6 Ke7
26.Re1f1 Rc8f8
27.Rf6xf8 Rg8xf8
28.Rf1xf8 Kxf8
29.Kg4 d5
30.Kxg5 Kg7
31.h4 { draw }
1/2-1/2

[Event "Match"]
[Site "www.echecsemail.com"]
[Date "2014.12.26"]
[Round "1"]
[White "Canario"]
[Black "Nham"]
[WhiteElo "1740"]
[BlackElo "1499"]
[Result "0-1"]
[Round "1"]
1.e4 e5
2.Ng1f3 Nb8c6
3.Nb1c3 Ng8f6
4.Bf1c4 Nf6xe4
5.Nc3xe4 d5
6.Bc4xd5 Qd8xd5
7.d3 Bf8e7
8.Bc1e3 Bc8g4
9.h3 Bg4h5
10.a3 O-O
11.g4 Bh5g6
12.Ne4c3 Qd5e6
13.g5 Bg6h5
14.h4 Qe6f5
15.Qd1d2 Bh5xf3
16.Rh1g1 Ra8d8
17.h5 Nc6d4
18.Nc3d1 Bf3xh5
19.f4 Nd4f3
20.Kf1 Nf3xd2
21.Be3xd2 Qf5h3
22.Ke1 Qh3h2
23.Rg1f1 Qh2e2

0-1

[Event "Match"]
[Site "www.echecsemail.com"]
[Date "2014.12.26"]
[Round "1"]
[White "Nestor"]
[Black "Nozal"]
[WhiteElo "2050"]
[BlackElo "1800"]
[Result "1-0"]
[Round "1"]
1.e4 e5
2.Nb1c3 d6
3.Bf1c4 Ng8f6
4.Ng1e2 Bc8d7
5.O-O Bd7c6
6.d3 d5
7.exd5 Bc6xd5
8.Nc3xd5 Nf6xd5
9.Ne2g3 c6
10.Qd1h5 Bf8d6
11.Bc1g5 Bd6e7
12.f4 g6
13.Qh5e2 f6
14.Bg5h6 Qd8d6
15.fxe5 fxe5
16.Bh6g7 Rh8g8
17.Bg7xe5 Qd6c5
18.Kh1 Nb8d7
19.Ra1e1 O-O-O
20.Rf1f7 h5
21.Bc4xd5 Qc5xd5
22.Rf7xe7 Qd5xa2
23.Be5d6 Qa2xb2
24.Re7e8 Qb2f6
25.Re8xg8 Rd8xg8
26.Qe2e8 Qf6d8
27.Qe8xd8 Rg8xd8
28.Re1e6 Rd8g8
29.Ng3e2 b5
30.Ne2f4 Nd7f8
31.Re6e8 Kd7
32.Re8xf8 Rg8xf8
33.Bd6xf8 { resign }
1-0

[Event "1/128 Finale"]
[Site "www.chess-mail.com"]
[Date "2014.12.26"]
[Round "1"]
[White "Cristero"]
[Black "Robwally"]
[WhiteElo "1950"]
[BlackElo "1719"]
[Result "1-0"]
[Round "1"]
1.d4 d5
2.Bc1g5 h6
3.Bg5h4 Nb8d7
4.e3 Ng8f6
5.Bf1d3 e5
6.dxe5 Nd7xe5
7.Bd3e2 g5
8.Bh4g3 Bf8d6
9.Ng1f3 Ne5xf3
10.Be2xf3 Bd6xg3
11.hxg3 Bc8g4
12.Bf3xg4 Qd8e7
13.Nb1c3 Nf6e4
14.Nc3xd5 Qe7e5
15.Qd1d3 Ra8d8
16.Qd3xe4 Rd8xd5
17.Qe4xe5 Rd5xe5
18.O-O-O  { time }
1-0

[Event "Eq:SIETE ESTRELLAS VERDES-CONFOEDERATIONIS HELVETICAE : "]
[Site "www.chess-mail.com"]
[Date "2014.12.26"]
[Round "1"]
[White "Asiamen"]
[Black "Paco"]
[WhiteElo "2110"]
[BlackElo "1930"]
[Result "1-0"]
[Round "1"]
1.d4 d5
2.c4 dxc4
3.e4 Nb8c6
4.Ng1f3 Ng8f6
5.d5 Nc6b8
6.Nb1c3 e6
7.Bc1g5 Bf8e7
8.Bf1xc4 h6
9.Bg5xf6 Be7xf6
10.e5 Bf6e7
11.O-O O-O
12.dxe6 Bc8xe6
13.Bc4xe6 fxe6
14.Qd1c2 Nb8c6
15.Ra1d1 Qd8e8
16.a3  { time }
1-0

[Event "Tourn. n7912"]
[Site "www.chess-mail.com"]
[Date "2014.12.27"]
[Round "1"]
[White "Norlavuaram"]
[Black "Cardiff"]
[WhiteElo "2150"]
[BlackElo "2090"]
[Result "1/2-1/2"]
[Round "1"]
1.e4 e6
2.d4 d5
3.Nb1d2 Ng8f6
4.e5 Nf6d7
5.c3 c5
6.Bf1d3 Nb8c6
7.Ng1e2 Qd8b6
8.Nd2f3 Bf8e7
9.O-O cxd4
10.cxd4 O-O
11.a3 f6
12.exf6 Nd7xf6
13.b4 Be7d6
14.Bc1g5 Bc8d7
15.Ra1c1 Nc6e7
16.Bd3b1 Ne7f5
17.Nf3e5 Bd7b5
18.Ne5f3 Nf6e4
19.Bb1xe4 dxe4
20.Nf3e5 Bb5xe2
21.Qd1xe2 Qb6xd4
22.Ne5d7 Rf8c8
23.Rc1d1 Qd4c4
24.Qe2xc4 Rc8xc4
25.g4 Nf5d4
26.Bg5e3 Nd4f3
27.Kg2 Bd6xh2
28.Nd7c5 Bh2e5
29.Nc5xb7 Be5b2
30.Nb7d6 Rc4c2
31.a4 Nf3h4
32.Kh3 Nh4g6
33.b5 Ra8f8
34.Nd6xe4 Bb2e5
35.Ne4d2 Rc2a2
36.Be3xa7 Ra2xa4
37.Ba7e3 Ra4a3
38.Kg2 Rf8b8
39.Nd2c4 Ra3b3
40.Nc4xe5 Ng6xe5
41.b6 Ne5xg4
42.Be3d4 e5
43.Bd4c5 Ng4f6
44.Bc5d6 Rb8xb6
45.Bd6xe5 h6
46.Be5d4 Rb6d6
{ draw }
1/2-1/2

[Event "Tourn. n7897"]
[Site "www.chess-mail.com"]
[Date "2014.12.27"]
[Round "1"]
[White "Louis"]
[Black "Jjmcbride"]
[WhiteElo "1850"]
[BlackElo "1760"]
[Result "0-1"]
[Round "1"]
1.d4 d5
2.c4 c6
3.Ng1f3 e6
4.Qd1c2 Ng8e7
5.e3 Ne7g6
6.Nb1c3 f5
7.h4 Bf8e7
8.h5 Ng6h4
9.Nf3xh4 Be7xh4
10.cxd5 exd5
11.Nc3xd5 Qd8xd5
12.Rh1xh4 Nb8d7
13.Bf1c4 Qd5d6
14.Qc2xf5 Nd7f6
15.Qf5e5 Qd6xe5
16.dxe5 Nf6g4
17.f3 Ng4h6
18.e4 Nh6g8
19.f4 Ng8h6
20.f5 Nh6g8
21.Rh4g4 g6
22.hxg6 hxg6
23.Rg4xg6 Ng8e7
24.Rg6g7 c5
25.f6 Ne7c6
26.f7 Kd8
27.Bc1g5 Kc7
{ resign }
0-1

[Event "Tourn. n7926"]
[Site "www.chess-mail.com"]
[Date "2014.12.27"]
[Round "1"]
[White "Cardiff"]
[Black "Krasin"]
[WhiteElo "2070"]
[BlackElo "2230"]
[Result "0-1"]
[Round "1"]
1.c4 e5
2.g3 Nb8c6
3.Bf1g2 d6
4.Nb1c3 g5
5.d3 Bf8g7
6.h4 g4
7.Nc3d5 Ng8e7
8.Bc1g5 h6
9.Bg5f6 O-O
10.Qd1d2 Bc8e6
11.Bf6xg7 Kxg7
12.Nd5xe7 Qd8xe7
13.Bg2xc6 bxc6
14.e3 f5
15.Ng1e2 d5
16.b3 Be6g8
17.O-O Rf8f7
18.Ne2c3 dxc4
19.dxc4 Ra8d8
20.Qd2c2 Bg8h7
21.Ra1d1 f4
22.Qc2c1 Bh7d3
23.Rf1e1 fxg3
24.fxg3 Rf7f3
25.Kg2 e4
26.Nc3e2 Bd3xe2
27.Re1xe2 Qe7e5
{ resign }
0-1

[Event "Tourn. n7002"]
[Site "www.chess-mail.com"]
[Date "2014.12.27"]
[Round "1"]
[White "Conde7"]
[Black "Jaroslavpech"]
[WhiteElo "2810"]
[BlackElo "2570"]
[Result "1-0"]
[Round "1"]
1.e4 e5
2.Ng1f3 Nb8c6
3.Bf1b5 a6
4.Bb5a4 Ng8f6
5.O-O Bf8e7
6.Rf1e1 b5
7.Ba4b3 d6
8.c3 O-O
9.h3 Nc6a5
10.Bb3c2 c5
11.d4 Qd8c7
12.d5 Bc8d7
13.b3 Ra8b8
14.Bc1e3 Na5b7
15.Nb1d2 c4
16.bxc4 Nb7c5
17.cxb5 axb5
18.Qd1e2 Rf8c8
19.Re1c1 h6
20.a3 Be7d8
21.Ra1b1 Rb8b7
22.Bc2d3 Nc5xd3
23.Qe2xd3 Qc7b8
24.Kh2 Qb8a8
25.c4 bxc4
26.Nd2xc4 Rb7xb1
27.Rc1xb1 Qa8a6
28.Nc4xe5 Qa6xd3
29.Ne5xd3 Nf6xe4
30.Rb1b7 Rc8c7
31.Rb7b8 Rc7c8
32.Rb8xc8 Bd7xc8
33.Nd3b4 Kf8
34.Nf3d4 Bd8b6
35.Nd4b5 Bb6c5
36.Nb4c6 Ne4f6
37.Be3f4 Nf6xd5
38.Bf4xd6 Bc5xd6
39.Nb5xd6 Bc8d7
40.Nc6d4 Ke7
41.Nd6c4 f6
42.g4 g6
43.Kg3 Bd7e8
44.Kf3 Nd5c3
45.Kf4 Be8f7
46.Nc4d2 Bf7d5
47.f3 Bd5f7
48.Ke3 Nc3d5
49.Ke4 Kd6
50.Nd4e2 Kc5
51.Ne2f4 Nd5e7
52.Nf4d3 Kb5
53.Kd4 Ne7c6
54.Ke3 Nc6e7
55.Nd2e4 Ne7d5
56.Kd4 Ka4
57.Ne4d6 Bf7g8
58.Nd6c4 Nd5e7
59.f4 h5
60.g5 fxg5
61.fxg5 Ne7f5
62.Kc5 Nf5g3
63.Nc4d2 Bg8e6
64.Nd3f4 Be6f5
65.h4 Kxa3
66.Nd2c4 Kb3
67.Nc4e5 Kc3
68.Ne5xg6 Bf5b1
69.Ng6e7 Bb1e4
70.g6 Be4xg6
71.Ne7xg6 Ng3f5
72.Kd5 Nf5xh4
73.Ng6xh4 Kd2
74.Kd4 Kc2
75.Nf4d5 Kd1
76.Kd3 Ke1
77.Nd5c3 Kf2
78.Nc3e4 Ke1
79.Nh4f3 Kd1
80.Ne4f2  { time }
1-0

[Event "Tourn. n7862"]
[Site "www.chess-mail.com"]
[Date "2014.12.27"]
[Round "1"]
[White "Szustan"]
[Black "Nimzo"]
[WhiteElo "2600"]
[BlackElo "2630"]
[Result "1/2-1/2"]
[Round "1"]
1.e4 e6
2.d4 d5
3.Nb1c3 Ng8f6
4.e5 Nf6d7
5.f4 c5
6.Ng1f3 Nb8c6
7.Bc1e3 cxd4
8.Nf3xd4 Bf8c5
9.Qd1d2 O-O
10.O-O-O a6
11.h4 Nc6xd4
12.Be3xd4 b5
13.Rh1h3 b4
14.Nc3a4 Bc5xd4
15.Qd2xd4 a5
16.h5 Bc8a6
17.h6 g6
18.Bf1xa6 Ra8xa6
19.Kb1 Ra6c6
20.b3 f6
21.c4 bxc3
22.Rh3xc3 fxe5
23.fxe5 Rc6c7
24.Na4b2 Rc7xc3
25.Qd4xc3 Qd8b6
26.Nb2d3 Rf8b8
27.Rd1c1 Qb6e3
28.Rc1e1 Qe3b6
29.Re1c1 Qb6e3
{ draw }
1/2-1/2

[Event "Tourn. n7903"]
[Site "www.chess-mail.com"]
[Date "2014.12.27"]
[Round "1"]
[White "Libiesse"]
[Black "Chiccogianca"]
[WhiteElo "2040"]
[BlackElo "1869"]
[Result "1/2-1/2"]
[Round "1"]
1.d4 b6
2.c4 Bc8b7
3.Nb1c3 g6
4.e4 e6
5.f3 Bf8g7
6.Bc1e3 d6
7.Qd1d2 Ng8e7
8.Ra1c1 Nb8d7
9.d5 e5
10.Ng1e2 O-O
11.Ne2g3 f5
12.exf5 gxf5
13.Be3f2 a6
14.Bf1d3 Qd8e8
15.O-O Nd7c5
16.Bd3c2 a5
17.Rf1e1 Qe8f7
18.Nc3b5 Ne7g6
19.Bc2xf5 Bb7c8
20.Bf5e6 Nc5xe6
21.dxe6 Bc8xe6
22.b3 Ra8c8
23.Nb5a7 Rc8e8
24.Na7b5 Be6c8
25.Re1e2 { draw }
1/2-1/2

[Event "Tourn. n7885"]
[Site "www.chess-mail.com"]
[Date "2014.12.27"]
[Round "1"]
[White "Julian"]
[Black "Liencam2"]
[WhiteElo "2040"]
[BlackElo "2260"]
[Result "0-1"]
[Round "1"]
1.e4 c5
2.Ng1f3 e6
3.c3 Ng8f6
4.e5 Nf6d5
5.d4 cxd4
6.cxd4 Bf8b4
7.Bc1d2 Qd8a5
8.Bd2xb4 Nd5xb4
9.Nb1c3 Nb4d5
10.Qd1d2 Nd5xc3
11.bxc3 Qa5c7
12.Bf1d3 Nb8c6
13.O-O d6
14.Rf1e1 dxe5
15.Nf3xe5 Bc8d7
16.Re1e3 f6
17.Ne5xd7 Qc7xd7
18.Ra1b1 O-O
19.Bd3c4 Ra8e8
20.Qd2e2 Nc6d8
21.Rb1b5 Kh8
22.Rb5h5 Re8e7
23.Qe2g4 f5
24.Rh5xh7 Kxh7
25.Re3h3 Kg8
26.Qg4g6 Rf8f6
27.Qg6h7 Kf8
28.Rh3g3 Rf6h6
{ resign }
0-1

[Event "Tourn. n7855"]
[Site "www.chess-mail.com"]
[Date "2014.12.27"]
[Round "1"]
[White "Pablincho"]
[Black "Malbertan"]
[WhiteElo "1890"]
[BlackElo "1880"]
[Result "0-1"]
[Round "1"]
1.e4 d6
2.d4 Ng8f6
3.f3 Nb8c6
4.Bf1b5 a6
5.Bb5xc6 bxc6
6.Ng1e2 g6
7.O-O Bf8g7
8.c3 d5
9.e5 Nf6d7
10.f4 e6
11.b4 O-O
12.a4 Nd7b6
13.Nb1d2 Bc8d7
14.Bc1b2 Qd8e7
15.Bb2a3 Rf8b8
16.Ne2c1 Nb6xa4
17.Qd1xa4 c5
18.Qa4c2 cxb4
 { time }
0-1

[Event "Tourn. n7855"]
[Site "www.chess-mail.com"]
[Date "2014.12.27"]
[Round "1"]
[White "Pablincho"]
[Black "Anja"]
[WhiteElo "1890"]
[BlackElo "1820"]
[Result "0-1"]
[Round "1"]
1.e4 Ng8f6
2.Nb1c3 d5
3.e5 d4
4.exf6 dxc3
5.fxg7 cxd2
6.Qd1xd2 Qd8xd2
7.Bc1xd2 Bf8xg7
8.O-O-O Bc8g4
9.f3 Bg4e6
10.Ng1e2 Nb8c6
11.g4 O-O-O
12.Ne2f4 Be6xa2
13.b3 a5
14.Bf1c4 Nc6e5
15.Bc4e2 a4
16.Bd2c3 axb3
17.Rd1xd8 Rh8xd8
 { time }
0-1

[Event "Tourn. n7938"]
[Site "www.chess-mail.com"]
[Date "2014.12.27"]
[Round "1"]
[White "Tenzinnima"]
[Black "Vite"]
[WhiteElo "2050"]
[BlackElo "2000"]
[Result "1-0"]
[Round "1"]
1.Ng1f3 Ng8f6
2.c4 g6
3.g3 Bf8g7
4.Bf1g2 O-O
5.O-O d5
6.cxd5 Nf6xd5
7.d4 Bc8g4
8.Nb1c3 Nd5xc3
9.bxc3 c6
10.Bc1f4 Nb8d7
11.Qd1d2 Nd7f6
12.Nf3e5 Bg4e6
13.Ra1b1 Qd8c8
14.e4 Rf8d8
15.Ne5d3 Be6c4
16.Rf1c1 b6
17.Nd3e5 Bc4a6
18.Ne5xc6 Rd8d7
19.e5 Nf6d5
20.Bg2xd5 Ba6b7
21.e6 fxe6
22.Bd5xe6 { resign }
1-0

[Event "Tourn. n7924"]
[Site "www.chess-mail.com"]
[Date "2014.12.27"]
[Round "1"]
[White "Cirovicz"]
[Black "Cardiff"]
[WhiteElo "2060"]
[BlackElo "2070"]
[Result "1/2-1/2"]
[Round "1"]
1.e4 c5
2.b4 cxb4
3.a3 b3
4.cxb3 d6
5.d4 Ng8f6
6.Bf1b5 Bc8d7
7.Bb5xd7 Nb8xd7
8.Nb1c3 g6
9.f3 Bf8g7
10.Bc1e3 O-O
11.Ng1e2 a6
12.O-O Ra8c8
13.Qd1d2 { draw }
1/2-1/2

[Event "Tourn. n7942"]
[Site "www.chess-mail.com"]
[Date "2014.12.27"]
[Round "1"]
[White "Falcoale"]
[Black "Krasin"]
[WhiteElo "1970"]
[BlackElo "2170"]
[Result "0-1"]
[Round "1"]
1.e4 e6
2.f4 d5
3.e5 c5
4.Ng1f3 Nb8c6
5.d4 Ng8h6
6.Nb1c3 Nh6f5
7.Nc3e2 Qd8b6
8.c3 cxd4
9.Nf3xd4 Nc6xd4
10.Ne2xd4 Nf5xd4
11.Qd1xd4 Bf8c5
12.Qd4d1 Bc5f2
13.Ke2 Bc8d7
14.b3 Ra8c8
15.Bc1d2 O-O
16.g3 f6
17.a4 fxe5
18.a5 Qb6c5
19.b4 Qc5e7
20.Kxf2 exf4
21.Bd2xf4 e5
22.Qd1xd5 Kh8
23.Ra1e1 Rf8xf4
24.gxf4 Qe7h4
25.Ke2 Bd7g4
26.Kd2 Rc8d8
27.Qd5xd8 Qh4xd8
28.Kc1 exf4
29.Bf1c4 f3
30.Bc4b5 Qd8g5
31.Kc2 Qg5xb5
32.Re1e3 h5
33.Rh1e1 f2
{ resign }
0-1

[Event "Tourn. n7865"]
[Site "www.chess-mail.com"]
[Date "2014.12.27"]
[Round "1"]
[White "A27l"]
[Black "Hansen"]
[WhiteElo "1420"]
[BlackElo "1410"]
[Result "0-1"]
[Round "1"]
1.Nb1c3 e5
2.e4 Bf8b4
3.a3 Bb4xc3
4.bxc3 Qd8h4
5.Qd1f3 Ng8f6
6.g3 Qh4g5
7.d3 Qg5g6
8.Bf1g2 Nf6h5
9.Qf3e2 Nb8c6
10.Ng1f3 d6
11.O-O O-O
12.h4 Bc8g4
13.Qe2e3 f5
14.Nf3h2 f4
15.Qe3d2 fxg3
16.fxg3 { time. }
0-1

[Event "Tourn. n7856"]
[Site "www.chess-mail.com"]
[Date "2014.12.27"]
[Round "1"]
[White "Asoka"]
[Black "Pgcbies"]
[WhiteElo "2670"]
[BlackElo "2740"]
[Result "0-1"]
[Round "1"]
1.c4 Ng8f6
2.d4 g6
3.Nb1c3 Bf8g7
4.e4 d6
5.f4 O-O
6.Ng1f3 c5
7.d5 e6
8.Bf1d3 exd5
9.cxd5 Rf8e8
10.O-O c4
11.Bd3c2 b5
12.e5 dxe5
13.fxe5 Nf6g4
14.Bc1g5 Qd8b6
15.Kh1 Nb8d7
16.e6 fxe6
17.dxe6 Nd7f6
18.e7 Bc8b7
19.Qd1e2 Ra8c8
20.Nc3xb5 Qb6xb5
21.Qe2e6 Kh8
22.Bg5xf6 Bg7xf6
23.Qe6xg4 Re8xe7
24.Qg4f4 Rc8f8
25.b3 Re7e2
26.Ra1c1 Qb5b6
27.Bc2d1 Re2xa2
28.bxc4 Ra2f2
29.Bd1a4 Bf6g7
30.Qf4g3 Rf2xf1
31.Rc1xf1 Qb6b4
32.Ba4d1 Qb4xc4
33.Rf1g1 a5
34.Qg3d6 a4
35.Qd6e7 Bb7d5
36.Bd1e2 Qc4b3
37.Nf3d4 Qb3b8
38.Nd4e6 Qb8e5
39.Be2g4 a3
40.Qe7xa3 Bd5xe6
{ resign }
0-1

[Event "Tourn. n7849"]
[Site "www.chess-mail.com"]
[Date "2014.12.27"]
[Round "1"]
[White "Biagio"]
[Black "Averoes"]
[WhiteElo "2060"]
[BlackElo "2070"]
[Result "0-1"]
[Round "1"]
1.e4 c5
2.d4 cxd4
3.c3 dxc3
4.Nb1xc3 Nb8c6
5.Ng1f3 g6
6.Bf1c4 Bf8g7
7.O-O d6
8.Qd1e2 Ng8f6
9.e5 dxe5
10.Nf3xe5 O-O
11.Ne5xc6 bxc6
12.Bc1d2 Qd8c7
13.Ra1c1 Nf6g4
14.f4 Bg7d4
15.Kh1 e5
16.h3 Ng4f6
17.fxe5 Qc7xe5
18.Qe2xe5 Bd4xe5
19.Rc1e1 Be5g3
20.Rf1xf6 Bg3xe1
21.Bd2xe1 Bc8e6
22.Bc4xe6 fxe6
23.Rf6xe6 Rf8f1
24.Kh2 Kf7
25.Re6e2 Ra8e8
26.Re2f2 Rf1xf2
27.Be1xf2 Re8e7
28.Kg3 Re7d7
29.Nc3e4 a5
30.a4 Rd7d3
31.Kf4 h6
32.h4 Rd3b3
33.Bf2d4 Rb3b4
34.Bd4c3 Rb4xa4
35.Kf3 Ra4a2
 { time }
0-1

[Event "Tourn. n7898"]
[Site "www.chess-mail.com"]
[Date "2014.12.27"]
[Round "1"]
[White "Kozakliuty"]
[Black "Tenzinnima"]
[WhiteElo "1500"]
[BlackElo "1689"]
[Result "0-1"]
[Round "1"]
1.d3 g6
2.g3 Bf8g7
3.Bf1g2 Ng8f6
4.Nb1c3 O-O
5.Ng1f3 d5
6.d4 Nb8c6
7.O-O Rf8e8
8.Bc1f4 Nf6h5
9.Qd1d2 Nh5xf4
10.Qd2xf4 e5
11.dxe5 Nc6xe5
12.Nf3xe5 Bg7xe5
13.e3 { time. }
0-1

[Event "Tourn. n7852"]
[Site "www.chess-mail.com"]
[Date "2014.12.27"]
[Round "1"]
[White "Julian"]
[Black "Attatroll"]
[WhiteElo "2010"]
[BlackElo "2090"]
[Result "0-1"]
[Round "1"]
1.e4 d6
2.d4 Ng8f6
3.Bf1d3 g6
4.f4 Bf8g7
5.Ng1f3 O-O
6.c4 c5
7.d5 Bc8g4
8.O-O Nf6d7
9.h3 Bg4xf3
10.Qd1xf3 Nb8a6
11.Nb1c3 Na6b4
12.Bd3b1 Nd7b6
13.a3 Nb4a6
14.g4 Nb6xc4
15.Bb1d3 Nc4b6
16.Ra1b1 Bg7d4
17.Bc1e3 Bd4xe3
18.Qf3xe3 c4
19.Bd3c2 Na6c5
20.b4 Nc5d7
21.e5 dxe5
22.fxe5 Qd8c7
23.e6 Nd7f6
24.exf7 Rf8xf7
25.Qe3e6 Qc7d6
26.Qe6xd6 exd6
27.g5 Nf6h5
28.Rf1xf7 Kxf7
29.Rb1f1 Kg7
30.Kg2 Ra8f8
31.Rf1xf8 Kxf8
32.Bc2e4 Nh5f4
33.Kg3 Nf4h5
34.Kg4 Nb6d7
35.h4 Nd7e5
36.Kh3 Nh5f4
37.Kg3 Nf4d3
38.b5 Nd3c5
39.Be4c2 Ne5d3
40.a4 Nd3b4
41.Bc2d1 Nc5d3
42.Nc3e4 Ke7
43.Ne4f6 Nd3c5
44.Nf6xh7 c3
45.Nh7f6 c2
46.Bd1xc2 Nb4xc2
47.a5 Nc2d4
48.b6 axb6
49.axb6 Nd4f5
50.Kg4 Nc5a4
51.h5 Kf7
52.hxg6 Kxg6
53.Nf6d7 Nf5e3
54.Kf4 Ne3xd5
55.Ke4 Nd5xb6
{ resign }
0-1

[Event "Tourn. n7927"]
[Site "www.chess-mail.com"]
[Date "2014.12.27"]
[Round "1"]
[White "Genius9"]
[Black "Rindrandria"]
[WhiteElo "1220"]
[BlackElo "1460"]
[Result "0-1"]
[Round "1"]
1.e4 Nb8c6
2.d4 d5
3.exd5 Qd8xd5
4.c3 Qd5e4
5.Qd1e2 Qe4g6
6.Qe2d3 Bc8f5
7.Qd3b5 O-O-O
8.Ng1f3 a6
9.Qb5b3 Bf5xb1
{ resign }
0-1

[Event "Tourn. n7921"]
[Site "www.chess-mail.com"]
[Date "2014.12.27"]
[Round "1"]
[White "Faerieking"]
[Black "Generalfree"]
[WhiteElo "1499"]
[BlackElo "1690"]
[Result "1-0"]
[Round "1"]
1.e4 e5
2.Ng1f3 Nb8c6
3.Bf1c4 Ng8f6
4.Nf3g5 d5
5.exd5 Nc6a5
6.d3 h6
7.Ng5f3 Bf8c5
8.Nf3xe5 Na5xc4
9.dxc4 Nf6e4
10.Ne5d3 Qd8f6
11.Qd1e2 Bc8f5
12.Nd3xc5 O-O-O
13.Nc5xe4 Bf5xe4
14.O-O Rh8e8
15.Qe2g4 Be4f5
16.Qg4g3 Qf6e7
17.Bc1e3 Bf5xc2
18.Nb1c3 a6
19.b3 Qe7b4
20.Nc3e2 Bc2d3
21.Rf1e1 g5
22.Ne2d4 c5
23.dxc6 Rd8xd4
24.cxb7 Kxb7
25.a3 Qb4c3
26.Re1c1 Qc3b2
27.Be3xd4 Qb2xd4
28.Rc1d1 Re8e2
29.Ra1c1 Qd4b2
30.Qg3xd3 Re2xf2
31.Qd3d7 { resign }
1-0

[Event "Tourn. n7890"]
[Site "www.chess-mail.com"]
[Date "2014.12.27"]
[Round "1"]
[White "Osopanda"]
[Black "Cristiano"]
[WhiteElo "1910"]
[BlackElo "1979"]
[Result "0-1"]
[Round "1"]
1.c4 Ng8f6
2.d4 g6
3.Nb1c3 Bf8g7
4.e4 d6
5.f4 O-O
6.Ng1f3 Nb8a6
7.Bf1e2 e5
8.fxe5 dxe5
9.Nf3xe5 c5
10.d5 Nf6xe4
11.Ne5f3 Ne4xc3
12.bxc3 Bg7xc3
13.Kf2 Bc3xa1
14.Bc1h6 Ba1g7
15.Bh6g5 Qd8d6
16.g3 f5
17.Bg5f4 Qd6d7
18.Nf3e5 Bg7xe5
19.Bf4xe5 Na6c7
20.Be2f3 a5
21.d6 Nc7e6
22.Bf3d5 Rf8f7
23.Rh1e1 Ra8b8
24.Be5c3 Qd7xd6
25.Bc3e5 Qd6e7
26.Be5xb8 b6
27.Bb8f4 g5
28.Bf4e5 f4
29.gxf4 gxf4
30.Bd5xe6 Bc8xe6
31.Qd1b3 Qe7h4
32.Kf1 Be6h3
33.Ke2 f3
34.Kd1 Rf7d7
{ resign }
0-1

[Event "Tourn. n7872"]
[Site "www.chess-mail.com"]
[Date "2014.12.27"]
[Round "1"]
[White "Osopanda"]
[Black "Mitja"]
[WhiteElo "1920"]
[BlackElo "1980"]
[Result "0-1"]
[Round "1"]
1.c4 d5
2.cxd5 Qd8xd5
3.Nb1c3 Qd5d8
4.d4 e6
5.e4 c6
6.Ng1f3 h6
7.Bf1c4 Ng8f6
8.O-O Nb8d7
9.Rf1e1 Nd7b6
10.Bc4b3 Bf8e7
11.d5 cxd5
12.e5 Nf6h7
13.a3 a6
14.Bc1e3 Ra8b8
15.Qd1d4 Nb6a8
16.Ra1c1 b5
17.Bb3c2 Na8b6
18.Nc3b1 Nh7g5
19.Nf3xg5 Be7xg5
20.Nb1c3 Nb6c4
21.Be3xg5 hxg5
22.g3 Nc4xb2
23.Nc3xd5 Nb2c4
24.Re1d1 exd5
25.Qd4xd5 Qd8xd5
26.Rd1xd5 Bc8b7
27.Rd5c5 O-O
28.e6 fxe6
29.Rc5xg5 Nc4xa3
30.Bc2g6 Na3c4
31.Rg5h5 Bb7d5
32.f4 Bd5f3
33.Rh5c5 Bf3d5
34.Rc5c7 Rb8b7
35.Rc7xb7 Bd5xb7
36.Kf2 a5
37.h4 a4
38.Ke2 Rf8d8
39.Rc1c3 Rd8d2
40.Ke1 a3
41.Rc3e3 a2
{ resign }
0-1

[Event "Tourn. n7834"]
[Site "www.chess-mail.com"]
[Date "2014.12.27"]
[Round "1"]
[White "Traub"]
[Black "Vasylpuzanov"]
[WhiteElo "1730"]
[BlackElo "1870"]
[Result "0-1"]
[Round "1"]
1.e4 e5
2.Ng1f3 Nb8c6
3.Bf1b5 a6
4.Bb5a4 Ng8f6
5.O-O b5
6.Ba4b3 Nf6xe4
7.Rf1e1 d5
8.d3 Ne4f6
9.Nf3xe5 Nc6xe5
10.Re1xe5 Bc8e6
11.Nb1c3 Bf8d6
12.Re5e1 c6
13.Qd1f3 Qd8c7
14.Kh1 O-O
15.h3 a5
16.a3 Rf8e8
17.d4 Be6g4
18.Re1xe8 Ra8xe8
{ resign }
0-1

[Event "Tourn. n7888"]
[Site "www.chess-mail.com"]
[Date "2014.12.27"]
[Round "1"]
[White "Roque1"]
[Black "Neo"]
[WhiteElo "1900"]
[BlackElo "1760"]
[Result "0-1"]
[Round "1"]
1.e4 e6
2.d4 g6
3.Ng1f3 Bf8g7
4.Bc1g5 Ng8e7
5.Nb1c3 O-O
6.Bf1c4 b6
7.O-O Nb8c6
8.Qd1d3 Nc6b4
9.Qd3e2 Bc8b7
10.a3 Nb4c6
11.Ra1d1 d6
12.Rd1d3 Nc6a5
13.Bc4a2 Bb7a6
14.Bg5xe7 Qd8xe7
15.d5 Ba6xd3
16.Qe2xd3 Bg7xc3
17.Qd3xc3 e5
18.b4 Na5b7
 { time }
0-1

[Event "Tourn. n7866"]
[Site "www.chess-mail.com"]
[Date "2014.12.27"]
[Round "1"]
[White "Robwally"]
[Black "Llcervello"]
[WhiteElo "1769"]
[BlackElo "1770"]
[Result "0-1"]
[Round "1"]
1.d4 d5
2.Ng1f3 c6
3.g3 Ng8f6
4.Bf1g2 Qd8a5
5.Bc1d2 Qa5b5
6.O-O Qb5xb2
7.Bd2c3 Qb2b6
8.Nf3e5 e6
9.Nb1d2 Bf8b4
10.Bc3xb4 Qb6xb4
11.Ra1b1 Qb4xd4
12.Nd2f3 Qd4a4
13.Rb1b2 Qa4a3
14.Ne5d3 Nf6e4
15.Nd3c1 Qa3xb2
16.Nf3d4 O-O
17.f3 c5
18.Nd4b3 Qb2c3
19.fxe4 d4
20.e5 Qc3e3
21.Kh1 Qe3xe5
22.Nc1d3 Qe5g5
23.Nd3xc5 a5
24.Qd1xd4 Rf8d8
 { time }
0-1